Systems approach to water management (Record no. 9165)

000 -LEADER
fixed length control field 00501nam a2200193 i 4500
001 - CONTROL NUMBER
control field 9165
003 - CONTROL NUMBER IDENTIFIER
control field BD-DhUET
008 - FIXED-LENGTH DATA ELEMENTS--GENERAL INFORMATION
fixed length control field 760716s1976 nyua b 001 0 eng
020 ## - INTERNATIONAL STANDARD BOOK NUMBER
International Standard Book Number 0070054800
040 ## - CATALOGING SOURCE
Original cataloging agency DLC
Transcribing agency DLC
Modifying agency BD-DhUET
082 00 - DEWEY DECIMAL CLASSIFICATION NUMBER
Classification number 333.91
Item number BIS/1976
100 ## - MAIN ENTRY--PERSONAL NAME
Personal name Biswas, Asit K.
245 00 - TITLE STATEMENT
Title Systems approach to water management
250 ## - EDITION STATEMENT
Edition statement 1st. ed.
260 ## - PUBLICATION, DISTRIBUTION, ETC. (IMPRINT)
Place of publication, distribution, etc. New York
Name of publisher, distributor, etc. McGraw-Hill
Date of publication, distribution, etc. 1976
300 ## - PHYSICAL DESCRIPTION
Extent xvii, 429 p.
Other physical details ill.
Dimensions 25 cm.
504 ## - BIBLIOGRAPHY, ETC. NOTE
Bibliography, etc Includes bibliographies
942 ## - ADDED ENTRY ELEMENTS (KOHA)
Koha item type Edited Book
Holdings
Damaged status Price effective from Lost status Koha item type Date acquired Location (home branch) Piece designation (barcode) Koha normalized classification for sorting Withdrawn status Sublocation or collection (holding branch) Not for loan Koha date last seen Source of classification or shelving scheme Shelving location Copy number Koha full call number
 2015-01-28 Edited Book2015-01-28Central Library, BUET53091333_910000000000000_BIS_1976 Central Library, BUET 2015-01-28 Circulation section1333.91/BIS/1976
 2015-01-28 Edited Book2015-01-28Central Library, BUET50560333_910000000000000_BIS_1976 Central Library, BUET 2015-01-28 Circulation section2333.91/BIS/1976
 2015-02-07 Edited Book2015-02-07Central Library, BUET50557333_910000000000000_BIS_1976 Central Library, BUET 2015-02-07 Circulation section3333.91/BIS/1976
 2015-02-07 Edited Book2015-02-07Central Library, BUET50558333_910000000000000_BIS_1976 Central Library, BUET 2015-02-07 Circulation section4333.91/BIS/1976